| 000 | 00594cab a2200229 4500 | ||
|---|---|---|---|
| 001 | ABS54879 | ||
| 008 | 090401t1996 xxu||||| |||| 00| 0 eng d | ||
| 035 | _a(Sirsi) u12736 | ||
| 041 | _aeng | ||
| 245 | _aOn the level | ||
| 260 | _c1996 | ||
| 350 | _a0 | ||
| 490 |
_aConstruction Manager _v2(4) April 1996, 24-25(2) |
||
| 520 | _aLooks at new developments and technologies in flat roofing. | ||
| 650 | _aBS 747 | ||
| 650 | _aFLAT ROOFS | ||
| 650 | _aROOF FELTS | ||
| 650 | _aSYNTHETIC RUBBER | ||
| 690 | _aBUILT ENVIRONMENT-BUILDING MATERIALS | ||
| 942 | _n0 | ||
| 948 | _c04/03/1997 | ||
| 999 |
_c8155 _d8155 |
||